Теоретические и экспериментальные проблемы рациональной разработки нефтяных месторождений: тезисы докладов Всесоюзной конференции; Ч. 1; Секция 1: Аппаратура и методика промысловых исследований пластов и скважин; Секция 2: Температурные задачи в нефтедобыче

Dades bibliogràfiques
Autor corporatiu: Казанский государственный университет (570), Теоретические и экспериментальные проблемы рациональной разработки нефтяных месторождений
Altres autors: Непримеров Н. Н. (редактор), Пудовкин М. А.
Idioma:rus
Publicat: Казань, Изд-во Казанского ун-та, 1972
Matèries:
Format: MixedMaterials Llibre
KOHA link:https://koha.lib.tpu.ru/cgi-bin/koha/opac-detail.pl?biblionumber=354214

MARC

LEADER 00000nam0a2200000 4500
001 354214
005 20231102010653.0
035 |a (RuTPU)RU\TPU\retro\11472 
090 |a 354214 
100 |a 20200617d1972 k y0rusy50 ca 
101 0 |a rus 
102 |a RU 
105 |a y z 101zy 
200 1 |a Теоретические и экспериментальные проблемы рациональной разработки нефтяных месторождений  |h Ч. 1  |i Секция 1: Аппаратура и методика промысловых исследований пластов и скважин  |i Секция 2: Температурные задачи в нефтедобыче  |e тезисы докладов Всесоюзной конференции  |f Казанский государственный университет ; под ред. Н. Н. Непримерова ; под ред. М. А. Пудовкина 
210 |a Казань  |c Изд-во Казанского ун-та  |d 1972 
215 |a 157 с. 
320 |a Библиогр. в конце докл. 
606 1 |a Нефтяные месторождения  |x Системы разработки  |2 stltpush  |3 (RuTPU)RU\TPU\subj\45964  |9 65153 
610 1 |a материалы конференций 
610 1 |a рациональная разработка 
610 1 |a пласты 
610 1 |a скважины 
610 1 |a промысловые исследования 
610 1 |a нефтедобыча 
610 1 |a температурные задачи 
675 |a 622.276(076)  |v 4 
702 1 |a Непримеров  |b Н. Н.  |4 340 
702 1 |a Пудовкин  |b М. А.  |4 340 
712 0 2 |a Казанский государственный университет  |c (1804-2010)  |2 stltpush  |3 (RuTPU)RU\TPU\col\215  |9 23281 
712 1 2 |a Теоретические и экспериментальные проблемы рациональной разработки нефтяных месторождений  |c конференция  |e Казань  |f 1972  |4 570 
801 1 |a RU  |b 63413507  |c 20200617 
801 2 |a RU  |b 63413507  |c 20201222  |g RCR 
942 |c BK